Kfz-Kennzeichen aus BB - Statistics

General Stats
  • This quiz has been taken 73 times
  • The average score is 16 of 37
Answer Stats
Landkreis / Kreisfreie Stadt Kennzeichen % Correct
Potsdam P
100%
Cottbus CB
90%
Landkreis Barnim BAR
88%
Frankfurt (Oder) FF
88%
Landkreis Elbe-Elster EE
80%
Landkreis Havelland HVL
80%
Landkreis Potsdam-Mittelmark PM
78%
Landkreis Teltow-Fläming TF
78%
Landkreis Oberhavel OHV
76%
UM
70%
Landkreis Oder-Spree LOS
68%
Landkreis Prignitz PR
68%
Brandenburg an der Havel BRB
62%
Landkreis Dahme-Spreewald LDS
62%
MOL
62%
SPN
56%
OPR
54%
OSL
54%
BER
36%
EW
28%
Landkreis Märkisch-Oderland FRW
18%
PZ
18%
SRB
18%
Landkreis Uckermark ANG
16%
FI
16%
NP
16%
SDT
16%
SEE
16%
Landkreis Spree-Neiße FOR
14%
GUB
14%
Landkreis Ostprignitz-Ruppin KY
12%
TP
10%
SFB
8%
SPB
6%
Landkreis Oberspreewald-Lausitz CA
4%
WK
4%
LIB
0%
No matching quizzes found
Score Distribution
Percent of People with Each Score
Percentile by Number Answered
Your Score History
You have not taken this quiz